Handbook of hydrocarbon and lipid microbiology /

Bibliographic Details
Corporate Author: SpringerLink (Online service)
Other Authors: Timmis, K. N.
Format: eBook
Language:English
Published: Berlin ; London : Springer, [2010]
Subjects:
Online Access:Connect to the full text of this electronic book

MARC

Tag First Indicator Second Indicator Subfields
LEADER 00000cam a2200000Ia 4500
001 in00002575704
005 20210727090343.0
006 m d
007 cr cn|
008 100323s2010 gw sf 000 0 eng d
020 |a 3540775870 
020 |a 9783540775874 
035 |a (OCoLC)567359147 
035 |a (OCoLC)ocn567359147 
035 |a 3706419 
037 |a 978-3-540-77584-3  |b Springer  |n http://www.springerlink.com 
040 |a GW5XE  |b eng  |c GW5XE  |d UtOrBLW 
049 |a TXAC 
050 4 |a QR53.5.P48  |b H363 2010 
082 0 4 |a 665.5015793  |2 22 
245 0 0 |a Handbook of hydrocarbon and lipid microbiology /  |c edited by Kenneth N. Timmis. 
264 1 |a Berlin ;  |a London :  |b Springer,  |c [2010] 
264 4 |c ©2010 
300 |a pages cm. 
336 |a text  |b txt  |2 rdacontent 
337 |a computer  |b c  |2 rdamedia 
338 |a online resource  |b cr  |2 rdacarrier 
500 |a Electronic resource. 
533 |a Electronic reproduction.  |b New York :  |c Springer,  |d 2010.  |n Mode of access: World Wide Web.  |n System requirements: Web browser.  |n Title from title screen (viewed on Feb. 18, 2010).  |n Access may be restricted to users at subscribing institutions. 
650 0 |a Lipids  |x Microbiology  |v Handbooks, manuals, etc. 
650 0 |a Petroleum  |x Microbiology  |v Handbooks, manuals, etc. 
655 7 |a Electronic books.  |2 local 
700 1 |a Timmis, K. N.  |0 http://id.loc.gov/authorities/names/n79107089 
710 2 |a SpringerLink (Online service)  |0 http://id.loc.gov/authorities/names/no2005046756 
776 1 |c Original  |z 9783540775843  |z 3540775846  |z 9783540775881  |z 3540775889  |w (OCoLC)403479095 
856 4 0 |u http://proxy.library.tamu.edu/login?url=https://dx.doi.org/10.1007/978-3-540-77587-4  |z Connect to the full text of this electronic book  |t 0 
994 |a 92  |b TXA 
999 |a MARS 
999 f f |s 231c0003-6300-39ff-9c3f-f04859ecd04a  |i 26de6867-fbbb-3492-aa61-0fc3a53f2352  |t 0 
952 f f |a Texas A&M University  |b College Station  |c Electronic Resources  |d Available Online  |t 0  |e QR53.5.P48 H363 2010  |h Library of Congress classification 
998 f f |a QR53.5.P48 H363 2010  |t 0  |l Available Online